Państwa według obrazu satelitarnego #1 - Statystyki

Ogólne statystyki
  • Ten quiz został rozwiązany 5 908 razy
  • Średni wynik to 12 z 16
Statystyki odpowiedzi
Obrazkowy Odpowiedź % Poprawnych
Włochy
100%
Australia
99%
Islandia
98%
Wielka Brytania
97%
Chiny
96%
Francja
94%
Portugalia
90%
Brazylia
83%
Panama
77%
Tunezja
62%
Malezja
61%
Bahamy
50%
Zjednoczone Emiraty Arabskie
44%
Tanzania
42%
Fidżi
40%
Republika Zielonego Przylądka
33%
Nie znaleziono quizów pasujących do podanych kryteriów
Rozkład punktacji
Procent ludzi z każdym wynikiem
Percentyl według liczby udzielonych odpowiedzi
Twoja historia wyników
Nie rozwiązałeś tego quizu